000 00190nam a22000857a 4500
999 _c23922
_d23922
005 20250924105308.0
008 250924b ||||| |||| 00| 0 eng d
040 _csk
245 _aRukopisy majstrov